Fundamentals of heat and mass transfer / (Record no. 5571)

MARC details
000 -LEADER
fixed length control field 00523nac a22001691u 4500
020 ## - INTERNATIONAL STANDARD BOOK NUMBER
International Standard Book Number 812390827X
082 00 - DEWEY DECIMAL CLASSIFICATION NUMBER
Classification number 621.4022
Item number BHA
090 ## - LOCALLY ASSIGNED LC-TYPE CALL NUMBER (OCLC); LOCAL CALL NUMBER (OCLC)
-- 5571
-- 5571
100 ## - MAIN ENTRY--PERSONAL NAME
Personal name Bhatia, S. C.
245 10 - TITLE STATEMENT
Title Fundamentals of heat and mass transfer /
Statement of responsibility, etc S. C. Bhatia
260 ## - PUBLICATION, DISTRIBUTION, ETC. (IMPRINT)
Place of publication, distribution, etc New Delhi
Name of publisher, distributor, etc CBS Pub.,2002
Date of publication, distribution, etc 2002
300 ## - PHYSICAL DESCRIPTION
Extent 485 p. :
Other physical details ill. ;
Dimensions 23 cm.
504 ## - BIBLIOGRAPHY, ETC. NOTE
Bibliography, etc Bibliography:p.477-480 and index.
650 #0 - SUBJECT ADDED ENTRY--TOPICAL TERM
Topical term or geographic name as entry element Heat
General subdivision Transmission.
650 #0 - SUBJECT ADDED ENTRY--TOPICAL TERM
Topical term or geographic name as entry element Mass transfer.
942 ## - ADDED ENTRY ELEMENTS (KOHA)
Item type Book - Borrowing
Call number prefix 621.4022BHA
Holdings
Withdrawn status Item status Damaged status Not for loan Home library Current library Shelving location Date acquired Source of acquisition Total Checkouts Full call number Barcode Date last seen Date last borrowed Koha item type
        Central Library Central Library First floor 31/10/2007 Purchase 2 621.4022BHA 000006707 15/07/2025 22/12/2015 Book - Borrowing